000 00719nam a2200217Ia 4500
003 GCL
008 140319s9999 xx 000 0 ara d
040 _aGCL /
_cGCL
082 0 4 _a953
_bى ا
100 1 _aيوسف احمد الشبراوى
245 1 0 _aالاتصالات والمواصلات فى الحضارة الاسلامية /
_cيوسف احمد الشبراوى
300 _a92 ص
490 _a
650 0 4 _aالثقافة الاسلامية
650 0 4 _aالتاريخ الاسلامى
650 0 4 _aالاتصالات
650 0 4 _aالحضارة الاسلامية
650 0 4 _aالتمدن الاسلامى
650 0 4 _aالمواصلات - العالم العربى
942 _2ddc
_cBK
999 _c39022
_d39022